| 000 | 01166nam a22002297a 4500 | ||
|---|---|---|---|
| 999 |
_c831 _d831 |
||
| 005 | 20250224105856.0 | ||
| 008 | 230427b ||||| |||| 00| 0 eng d | ||
| 020 | _a9780135245927 | ||
| 040 | _cKCST | ||
| 082 |
_a428.24 _bMc Un |
||
| 100 |
_aMcLaughlin, Tim _95743 |
||
| 245 |
_aUniversity success : reading and writing : beginning / _cTim McLaughlin |
||
| 260 |
_aHoboken; _bPearson; _c2020. |
||
| 300 | _a203 p. | ||
| 505 | _aWelcome to University Success Key Features Scope and Sequence Acknowledgments UNIT 1 STRUCTURAL SCIENCE: ARCHITECTURE Chapter 1 Designing Unusual Places Chapter 2 Something New Under the Sun UNIT 2 NATURAL SCIENCE: GENETICS Chapter 3 All in the Family Chapter 4 Sweet or Spicy? UNIT 3 BUSINESS: BUSINESS AND TECHNOLOGY Chapter 5 Mobile-First Design Chapter 6 Step by Step UNIT 4 HUMANITIES: PSYCHOLOGY Chapter 7 Get into the Routine Chapter 8 The Stories We Dream Index Credits | ||
| 521 | _aPublic level: CEFR A1-A2, Global Scale of English (GSE): 22-32. | ||
| 650 |
_aEnglish (language) _92090 |
||
| 650 |
_aWritten language _95744 |
||
| 650 |
_aStudy and Teaching _95745 |
||
| 650 |
_aEnglish Speakers _95746 |
||
| 942 |
_2ddc _cCTBK |
||